Исторические знания как фактор коммунистического воспитания : (Record no. 379212)
[ view plain ]
| 000 -LEADER | |
|---|---|
| fixed length control field | 00867nam a2200205 a 4500 |
| 001 - CONTROL NUMBER | |
| control field | 001194324 |
| 003 - CONTROL NUMBER IDENTIFIER | |
| control field | AM-YeHGA |
| 005 - DATE AND TIME OF LATEST TRANSACTION | |
| control field | 20250617152840.0 |
| 008 - FIXED-LENGTH DATA ELEMENTS--GENERAL INFORMATION | |
| fixed length control field | 161202s1978 ru r 000 0 rus d |
| 040 ## - CATALOGING SOURCE | |
| Original cataloging agency | AM-YeHGA |
| 041 0# - LANGUAGE CODE | |
| Language code of text/sound track or separate title | rus |
| 090 ## - LOCALLY ASSIGNED LC-TYPE CALL NUMBER (OCLC); LOCAL CALL NUMBER (RLIN) | |
| -- | 381129 |
| 100 1# - MAIN ENTRY--PERSONAL NAME | |
| Personal name | Иванов, Владимир Васильевич |
| 245 10 - TITLE STATEMENT | |
| Title | Исторические знания как фактор коммунистического воспитания : |
| Remainder of title | Некоторые аспекты историзма в педагогике / |
| Statement of responsibility, etc. | В.В. Иванов. |
| 260 ## - PUBLICATION, DISTRIBUTION, ETC. | |
| Place of publication, distribution, etc. | Казань : |
| Name of publisher, distributor, etc. | Изд-во Казан. ун-та, |
| Date of publication, distribution, etc. | 1978. |
| 300 ## - PHYSICAL DESCRIPTION | |
| Extent | 128 с. |
| 504 ## - BIBLIOGRAPHY, ETC. NOTE | |
| Bibliography, etc. note | Библиогр.: с. 112-122 |
| 653 0# - INDEX TERM--UNCONTROLLED | |
| Uncontrolled term | Коммунистическое мировоззрение - Формирование в школе |
| 653 0# - INDEX TERM--UNCONTROLLED | |
| Uncontrolled term | Историзм в обучении |
| Withdrawn status | Lost status | Damaged status | Not for loan | Collection | Home library | Current library | Date acquired | Cost, normal purchase price | Total checkouts | Full call number | Barcode | Date last seen | Price effective from | Koha item type | Public note |
|---|---|---|---|---|---|---|---|---|---|---|---|---|---|---|---|
| General | Fundamental Scientific Library | Fundamental Scientific Library | 11/01/2017 | 3550.00 | РII/424760 | FL0439792 | 11/01/2017 | 11/01/2017 | Գրքեր / Books | 30 Days Loan |
ՀՀ Գիտությունների ազգային ակադեմիայի հիմնարար գիտական գրադարան = Fundamental Scientific Library of NAS RA
All site content, except where otherwise noted, is licensed under a